| 000 | 01008nam a2200301 i 4500 | ||
|---|---|---|---|
| 001 | bg | ||
| 003 | BPK | ||
| 005 | 20230126110736.0 | ||
| 008 | 960606s1993 pl f |000 0 pol d | ||
| 040 | _cBPK | ||
| 041 | _apol | ||
| 080 | _a347.77(438) | ||
| 080 | _a(083) | ||
| 100 | 1 |
_aKotarba, Wiesław _d(1947- ) _eAutor |
|
| 245 | 0 |
_aNowe prawo wynalazcze. _nCz. 1 / _cWiesław Kotarba, Tadeusz Żyznowski, Andrzej Pyrża. |
|
| 260 |
_aWarszawa : _bZSE "Wektory Gospodarki", _c1993. |
||
| 650 | 4 | _aPatenty | |
| 650 | 4 | _aRacjonalizatorstwo | |
| 650 | 4 | _aWzornictwo przemysłowe | |
| 650 | 4 | _aPrawo własności przemysłowej | |
| 650 | 4 | _aPrawo patentowe | |
| 651 | 7 | _aPolska | |
| 658 | _aPrawo i wymiar sprawiedliwości | ||
| 700 | 1 |
_aPyrża, Andrzej _eAutor |
|
| 700 | 1 |
_aŻyznowski, Tadeusz _d(1937- ) _eAutor |
|
| 856 |
_uhttp://koha.tu.koszalin.pl/cgi-bin/koha/opac-detail.pl?biblionumber=5696 _yKatalog online BPK |
||
| 942 |
_cKS _2UKD |
||
| 999 |
_c5696 _d5696 |
||